000 00619nam a22002057a 4500
003 SEM
005 20260330104307.0
008 260323s fr ||||gr||||||01|||fr |d
020 _a9782380462371
040 _aSEM
_cSEM
041 _afr
080 _a947․925(K)/A-70
100 _aAprikian, Gorune ; Djian, Jean-Blaise
245 _aNous sommes nos montagnes :
_bUne histoire du Haut-Karabagh /
_cG. Aprikian , Jean-Blaise Djian
260 _aS. l. :
_bPetit à petit,
_c2025.
300 _a127 p. ;
_bill., map. ;
_c26 cm
650 _aHistory of Artsakh
_xGraphic novel
653 _aՍԷՄ
942 _2udc
_cBK
_n0
999 _c77209
_d77209